00297nam a2200121Ia 4500008004100000020001500041041001200056100002000068245004400088260002500132300000800157650001000165221030s9999 xx 000 0 und d a8120340268 aEnglish aM. V. Deshpande 0aElectrical Machinescby M. V. Deshpande bPHIaNew Delhic2011 a430 aCivil